[Event "Reggio Emilia91 Top16"]
[Site "Reggio Emilia"]
[Date "1991.??.??"]
[Round "?"]
[White "Polugaevsky, Lev"]
[Black "Karpov, Anatoly"]
[Result "1/2-1/2"]
[WhiteElo "2610"]
[BlackElo "2725"]
[PlyCount "31"]
[EventDate "1991.01.??"]
[Source "ChessBase"]

1. d4 Nf6 2. c4 e6 3. Nf3 d5 4. Nc3 Be7 5. Bg5 h6 6. Bh4 O-O 7. e3 b6 8. cxd5 Nxd5 9. Bxe7 Qxe7 10. Rc1 Bb7 11. Be2 Rc8 12. O-O Nf6 13. Ne5 c5 14. Bf3 cxd4 15. Bxb7 Qxb7 16. Qxd4 1/2-1/2

[Event "Elista ol (Men)"]
[Site "Elista"]
[Date "1998.10.11"]
[Round "12"]
[White "Vaganian, Rafael A"]
[Black "Short, Nigel D"]
[Result "1/2-1/2"]
[WhiteElo "2630"]
[BlackElo "2670"]
[PlyCount "35"]
[EventDate "1998.09.29"]
[Source "ChessBase"]
[SourceDate "1998.11.06"]

1. Nf3 d5 2. d4 Nf6 3. c4 e6 4. Nc3 Be7 5. Bg5 h6 6. Bh4 O-O 7. e3 b6 8. Rc1 Bb7 9. cxd5 Nxd5 10. Nxd5 Bxd5 11. Bxe7 Qxe7 12. Bc4 Bb7 13. O-O Rc8 14. Ne5 Nd7 15. Nxd7 Qxd7 16. Be2 Rab8 17. b3 Qe7 18. Bf3 1/2-1/2

[Event "cq"]
[Site "Palma de Mallorca cq"]
[Date "1974.??.??"]
[Round "7"]
[White "Petrosian, Tigran V"]
[Black "Portisch, Lajos"]
[Result "1/2-1/2"]
[WhiteElo "2640"]
[BlackElo "2645"]
[PlyCount "42"]
[EventDate "1974.??.??"]
[Source "www.chesslib.no"]
[SourceDate "2004.05.04"]

1. Nf3 d5 2. d4 Nf6 3. c4 e6 4. Nc3 Be7 5. Bg5 O-O 6. e3 h6 7. Bh4 b6 8. cxd5 Nxd5 9. Bxe7 Qxe7 10. Nxd5 exd5 11. Qd2 Be6 12. b4 c6 13. Rb1 Nd7 14. Be2 a5 15. bxa5 Rxa5 16. Rxb6 Rxa2 17. Qxa2 Nxb6 18. Qa5 Nc4 19. Bxc4 dxc4 20. O-O c5 21. dxc5 Rc8 1/2-1/2

[Event "EU-chT (Men)"]
[Site "Pula"]
[Date "1997.??.??"]
[Round "2"]
[White "Krasenkow, Michal"]
[Black "Beliavsky, Alexander G"]
[Result "1/2-1/2"]
[WhiteElo "2615"]
[BlackElo "2665"]
[PlyCount "52"]
[EventDate "1997.05.05"]
[Source "ChessBase"]

1. c4 Nf6 2. d4 e6 3. Nf3 d5 4. Nc3 Be7 5. Bg5 h6 6. Bh4 O-O 7. e3 b6 8. cxd5 Nxd5 9. Bxe7 Qxe7 10. Nxd5 exd5 11. Be2 Be6 12. O-O c5 13. Qd2 Nd7 14. Rfc1 Rac8 15. b3 Nf6 16. Qb2 a5 17. Ne5 Ne4 18. Nd3 Bf5 19. Nf4 Rfd8 20. Bd3 Qf6 21. f3 Ng5 22. Ba6 Rc7 23. Qf2 Re7 24. Rc3 cxd4 25. exd4 Qd6 26. Qd2 Ra7 1/2-1/2

[Event "Moscow"]
[Site "Moscow"]
[Date "1985.??.??"]
[Round "?"]
[White "Polugaevsky, Lev"]
[Black "Vaganian, Rafael A"]
[Result "1/2-1/2"]
[WhiteElo "2625"]
[BlackElo "2640"]
[PlyCount "31"]
[EventDate "1985.04.??"]
[Source "ChessBase"]

1. d4 d5 2. c4 e6 3. Nf3 Nf6 4. Nc3 Be7 5. Bg5 O-O 6. e3 h6 7. Bh4 b6 8. Rc1 Bb7 9. cxd5 Nxd5 10. Nxd5 Bxd5 11. Bxe7 Qxe7 12. Be2 c5 13. dxc5 bxc5 14. O-O Nd7 15. Bc4 Nb6 16. Bxd5 1/2-1/2

[Event "Reggio Emilia 9596"]
[Site "Reggio Emilia"]
[Date "1996.??.??"]
[Round "7"]
[White "Azmaiparashvili, Zurab"]
[Black "Vaganian, Rafael A"]
[Result "1/2-1/2"]
[WhiteElo "2620"]
[BlackElo "2645"]
[PlyCount "31"]
[EventDate "1995.01.??"]
[Source "ChessBase"]

1. d4 Nf6 2. Nf3 e6 3. c4 d5 4. Nc3 Be7 5. Bg5 h6 6. Bh4 O-O 7. e3 b6 8. cxd5 Nxd5 9. Bxe7 Qxe7 10. Rc1 Bb7 11. Nxd5 Bxd5 12. Bd3 Rc8 13. O-O c5 14. dxc5 Rxc5 15. Rxc5 Qxc5 16. Qb1 1/2-1/2

[Event "Vienna op"]
[Site "Vienna"]
[Date "1986.??.??"]
[Round "?"]
[White "Kortschnoj, Viktor"]
[Black "Beliavsky, Alexander G"]
[Result "1/2-1/2"]
[WhiteElo "2635"]
[BlackElo "2625"]
[PlyCount "25"]
[EventDate "1986.01.??"]
[Source "ChessBase"]

1. d4 d5 2. c4 e6 3. Nc3 Nf6 4. Bg5 Be7 5. e3 h6 6. Bh4 O-O 7. Nf3 b6 8. cxd5 Nxd5 9. Bxe7 Qxe7 10. Rc1 Bb7 11. Bc4 Nxc3 12. Rxc3 Nd7 13. O-O 1/2-1/2

[Event "4th GM March"]
[Site "Taiyuan CHN"]
[Date "2007.07.04"]
[Round "1"]
[White "Zhang Pengxiang"]
[Black "Asrian, K."]
[Result "1/2-1/2"]
[WhiteElo "2649"]
[BlackElo "2608"]
[PlyCount "77"]
[EventDate "2007.07.04"]
[Source "www.chesslib.no"]
[SourceDate "2004.05.04"]

1. d4 d5 2. c4 e6 3. Nc3 Nf6 4. Nf3 Be7 5. Bg5 O-O 6. e3 h6 7. Bh4 b6 8. cxd5 Nxd5 9. Bxe7 Qxe7 10. Bd3 Bb7 11. Rc1 Rc8 12. O-O c5 13. Nxd5 Bxd5 14. Ne5 Nd7 15. Nxd7 Qxd7 16. dxc5 Rxc5 17. Rxc5 bxc5 18. Bc4 Qb7 19. Bxd5 exd5 20. Qc2 d4 21. Qxc5 dxe3 22. fxe3 Qxb2 23. Qd5 Rf8 24. h3 Qb6 25. Rf3 Qc7 26. e4 Rd8 27. Qb3 Rb8 28. Qd3 Qc5+ 29. Kh1 Qe5 30. a3 g6 31. Rf1 Rb7 32. Rb1 Rc7 33. Qd5 Qxd5 34. exd5 Rd7 35. Rb5 Kg7 36. Ra5 Kf6 37. Kg1 Ke5 38. Kf2 Ke4 39. d6 1/2-1/2

[Event "Bad Homburg"]
[Site "Bad Homburg"]
[Date "1998.07.25"]
[Round "8"]
[White "Dautov, Rustem"]
[Black "Jussupow, Artur"]
[Result "1/2-1/2"]
[WhiteElo "2600"]
[BlackElo "2630"]
[PlyCount "35"]
[EventDate "1998.07.17"]
[Source "ChessBase"]
[SourceDate "1998.09.30"]

1. d4 Nf6 2. c4 e6 3. Nf3 d5 4. Nc3 Be7 5. Bg5 h6 6. Bh4 O-O 7. e3 b6 8. Rc1 Bb7 9. cxd5 Nxd5 10. Nxd5 Bxd5 11. Bxe7 Qxe7 12. Be2 c5 13. dxc5 Rd8 14. Qc2 Rc8 15. Qd2 Rxc5 16. Rxc5 Qxc5 17. O-O Nc6 18. Rc1 1/2-1/2

[Event "URS-CupT"]
[Site "Ordzhonikidze"]
[Date "1978.??.??"]
[Round "?"]
[White "Petrosian, Tigran V"]
[Black "Geller, Efim P"]
[Result "1/2-1/2"]
[WhiteElo "2620"]
[BlackElo "2590"]
[PlyCount "33"]
[EventDate "1978.05.??"]
[Source "www.chesslib.no"]
[SourceDate "2004.05.04"]

1. d4 Nf6 2. Nf3 d5 3. c4 e6 4. Nc3 Be7 5. Bg5 h6 6. Bh4 O-O 7. e3 b6 8. cxd5 Nxd5 9. Bxe7 Qxe7 10. Rc1 Bb7 11. Be2 Rc8 12. O-O c5 13. dxc5 Rxc5 14. Nxd5 Rxd5 15. Qa4 Nd7 16. Rc7 Qd8 17. Rc3 1/2-1/2

[Event "USSR (ch)"]
[Site "?"]
[Date "1988.??.??"]
[Round "?"]
[White "Tal, M."]
[Black "Vaganian, R."]
[Result "1/2-1/2"]
[WhiteElo "2610"]
[BlackElo "2595"]
[PlyCount "41"]
[EventDate "1988.??.??"]
[Source "ChessBase"]
[SourceDate "1988.07.01"]

1. c4 e6 2. Nc3 d5 3. d4 Nf6 4. Bg5 Be7 5. e3 O-O 6. Nf3 h6 7. Bh4 b6 8. cxd5 Nxd5 9. Bxe7 Qxe7 10. Rc1 Bb7 11. Be2 c5 12. dxc5 Qxc5 13. O-O Qb4 14. Qd2 Nxc3 15. Qxc3 Nc6 16. Qxb4 Nxb4 17. Rc7 Ba6 18. Bxa6 Nxa6 19. Rc4 Rfc8 20. Rfc1 Rc5 21. Rxc5 1/2-1/2

[Event "Baden"]
[Site "Vienna"]
[Date "1980.??.??"]
[Round "14"]
[White "Vaganian, Rafael A"]
[Black "Gheorghiu, Florin"]
[Result "1/2-1/2"]
[WhiteElo "2590"]
[BlackElo "2605"]
[PlyCount "30"]
[EventDate "1980.??.??"]
[Source "ChessBase"]

1. d4 Nf6 2. c4 e6 3. Nc3 d5 4. Bg5 Be7 5. e3 h6 6. Bh4 O-O 7. Nf3 b6 8. cxd5 Nxd5 9. Bxe7 Qxe7 10. Nxd5 exd5 11. Qd2 a5 12. Rc1 Be6 13. Bb5 Rc8 14. O-O c6 15. Be2 c5 1/2-1/2

[Event "WchT 4th"]
[Site "Luzern"]
[Date "1997.10.27"]
[Round "3"]
[White "Irzhanov, Ruslan"]
[Black "Vaganian, Rafael A"]
[Result "1-0"]
[WhiteElo "2535"]
[BlackElo "2640"]
[PlyCount "85"]
[EventDate "1997.10.??"]
[Source "ChessBase"]
[SourceDate "1998.01.31"]

1. d4 d5 2. c4 e6 3. Nc3 Be7 4. Nf3 Nf6 5. Bg5 h6 6. Bh4 O-O 7. e3 b6 8. Rc1 Bb7 9. cxd5 Nxd5 10. Bxe7 Qxe7 11. Nxd5 Bxd5 12. a3 Rd8 13. Bc4 c5 14. Bxd5 exd5 15. dxc5 bxc5 16. O-O Na6 17. Qa4 Qb7 18. Rfd1 Rac8 19. h3 c4 20. Qa5 Nc7 21. Nd4 Ne6 22. Nxe6 fxe6 23. Rxc4 Rxc4 24. Qxd8+ Kf7 25. Rd2 Rc1+ 26. Kh2 Qc7+ 27. Qxc7+ Rxc7 28. Kg3 Ke7 29. Rd4 Rc2 30. Ra4 Rxb2 31. Rxa7+ Kf6 32. a4 Ra2 33. a5 Ra4 34. a6 Ra2 35. Ra8 Ra4 36. Kf3 Kf7 37. g4 e5 38. a7 d4 39. exd4 exd4 40. Ke4 Kg6 41. h4 h5 42. gxh5+ Kh7 43. f4 1-0

[Event "Sochi"]
[Site "Sochi"]
[Date "1973.??.??"]
[Round "5"]
[White "Filip, Miroslav"]
[Black "Spassky, Boris V"]
[Result "1/2-1/2"]
[WhiteElo "2510"]
[BlackElo "2660"]
[PlyCount "40"]
[EventDate "1973.??.??"]
[Source "ChessBase"]

1. Nf3 d5 2. d4 e6 3. c4 Nf6 4. Nc3 Be7 5. Bg5 h6 6. Bh4 O-O 7. e3 b6 8. cxd5 Nxd5 9. Bxe7 Qxe7 10. Rc1 Bb7 11. Bd3 Rc8 12. O-O c5 13. Qe2 Nd7 14. Ba6 Bxa6 15. Qxa6 Nb4 16. Qe2 Nc6 17. Rfd1 cxd4 18. Nxd4 Nxd4 19. Rxd4 Nf6 20. Rcd1 e5 1/2-1/2

[Event "Moscow RUS"]
[Site "?"]
[Date "2002.??.??"]
[Round "3"]
[White "Kharitonov Andrei Y"]
[Black "Rustemov Alexander"]
[Result "1/2-1/2"]
[WhiteElo "2546"]
[BlackElo "2620"]
[PlyCount "31"]
[EventDate "2002.??.??"]
[Source "www.chesslib.no"]
[SourceDate "2004.05.04"]

1. d4 d5 2. c4 e6 3. Nf3 Nf6 4. Nc3 Be7 5. Bg5 h6 6. Bh4 O-O 7. cxd5 Nxd5 8. Bxe7 Qxe7 9. Rc1 b6 10. e3 Bb7 11. Nxd5 Bxd5 12. Bc4 Rd8 13. Bxd5 Rxd5 14. O-O c5 15. Qa4 Nd7 16. Rc2 1/2-1/2

[Event "New York op"]
[Site "New York"]
[Date "1998.03.17"]
[Round "3"]
[White "Serper, Grigory"]
[Black "Lputian, Smbat G"]
[Result "1/2-1/2"]
[WhiteElo "2540"]
[BlackElo "2610"]
[PlyCount "56"]
[EventDate "1998.03.16"]
[Source "ChessBase"]
[SourceDate "1998.06.15"]

1. c4 e6 2. Nc3 d5 3. d4 Be7 4. Nf3 Nf6 5. Bg5 h6 6. Bh4 O-O 7. e3 b6 8. cxd5 Nxd5 9. Bxe7 Qxe7 10. Rc1 Bb7 11. Be2 Nf6 12. O-O Nbd7 13. Qa4 c5 14. Qa3 Rfc8 15. Ba6 Bxa6 16. Qxa6 e5 17. dxe5 Nxe5 18. Nxe5 Qxe5 19. h3 Ne4 20. Nxe4 Qxe4 21. Rfd1 Qe7 22. Rd5 Rd8 23. Rcd1 Rxd5 24. Rxd5 Qe4 25. Qd3 Re8 26. b3 Qxd3 27. Rxd3 Kf8 28. Rd7 Re7 1/2-1/2

[Event "World Cities-ch 2nd"]
[Site "Shenyang"]
[Date "1999.10.07"]
[Round "6"]
[White "Irzhanov, Ruslan"]
[Black "Pigusov, Evgeny"]
[Result "1/2-1/2"]
[WhiteElo "2536"]
[BlackElo "2609"]
[PlyCount "38"]
[EventDate "1999.10.02"]
[Source "www.chesslib.no"]
[SourceDate "2004.05.04"]

1. d4 Nf6 2. c4 e6 3. Nf3 d5 4. Nc3 Be7 5. Bg5 h6 6. Bh4 O-O 7. e3 b6 8. Rc1 Bb7 9. cxd5 Nxd5 10. Bxe7 Qxe7 11. Nxd5 Bxd5 12. Be2 Rc8 13. O-O c5 14. dxc5 Rxc5 15. Rxc5 Qxc5 16. Qa4 Bc6 17. Qd4 Nd7 18. Qxc5 bxc5 19. Rc1 Rb8 1/2-1/2

[Event "Canadian Open 9th"]
[Site "Vancouver"]
[Date "1971.08.30"]
[Round "7"]
[White "Vranesic, Zvonko"]
[Black "Spassky, Boris Vasily"]
[Result "1/2-1/2"]
[WhiteElo "2450"]
[BlackElo "2690"]
[PlyCount "51"]
[EventDate "1971.08.??"]
[Source "www.chesslib.no"]
[SourceDate "2004.05.04"]

1. d4 d5 2. c4 e6 3. Nc3 Be7 4. Nf3 Nf6 5. Bg5 O-O 6. e3 h6 7. Bh4 b6 8. cxd5 Nxd5 9. Bxe7 Qxe7 10. Nxd5 exd5 11. Be2 Be6 12. Rc1 c5 13. dxc5 bxc5 14. Qa4 Rc8 15. Qa3 Nd7 16. O-O Kf8 17. Rfd1 Rcb8 18. b3 a5 19. Rd2 Rb4 20. Ne1 a4 21. Nd3 Rbb8 22. Nxc5 Nxc5 23. Qxc5 Qxc5 24. Rxc5 axb3 25. axb3 Rxb3 26. h3 1/2-1/2

[Event "Varna m"]
[Site "Varna BUL"]
[Date "1987.??.??"]
[Round "3"]
[White "Ftacnik, Lubomir"]
[Black "Georgiev, Kiril D"]
[Result "1/2-1/2"]
[WhiteElo "2540"]
[BlackElo "2590"]
[PlyCount "79"]
[EventDate "1987.05.??"]
[Source "www.chesslib.no"]
[SourceDate "2004.05.04"]

1. d4 Nf6 2. Nf3 e6 3. c4 d5 4. Nc3 Be7 5. Bg5 h6 6. Bh4 O-O 7. e3 b6 8. Rc1 Bb7 9. cxd5 Nxd5 10. Bxe7 Qxe7 11. Nxd5 Bxd5 12. Be2 Rc8 13. O-O c5 14. dxc5 Rxc5 15. Rxc5 Qxc5 16. Qa4 Bc6 17. Qd4 Nd7 18. Qxc5 bxc5 19. Rd1 Kf8 20. Nd2 Ke7 21. Nc4 Bd5 22. b3 Bxc4 23. Bxc4 Nb6 24. Bb5 Rd8 25. Rxd8 Kxd8 26. Kf1 Nd5 27. a3 Ke7 28. Ke1 g5 29. Kd2 Kd6 30. Kd3 f5 31. Bc4 Nf6 32. f3 h5 33. Ba6 Nd5 34. g3 h4 35. e4 hxg3 36. hxg3 Nb6 37. Ke3 Ke5 38. f4+ gxf4+ 39. gxf4+ Kd6 40. exf5 1/2-1/2

[Event "Espoo zt"]
[Site "Espoo"]
[Date "1989.??.??"]
[Round "?"]
[White "Agdestein, Simen"]
[Black "Wedberg, Tom"]
[Result "1-0"]
[WhiteElo "2605"]
[BlackElo "2515"]
[PlyCount "161"]
[EventDate "1989.07.??"]
[Source "ChessBase"]

1. d4 Nf6 2. c4 e6 3. Nf3 d5 4. Bg5 Be7 5. e3 h6 6. Bh4 O-O 7. Nc3 b6 8. cxd5 Nxd5 9. Bxe7 Qxe7 10. Nxd5 exd5 11. Be2 Be6 12. O-O c5 13. b3 a5 14. Rc1 Nd7 15. Bb5 Rfc8 16. Qd2 Rc7 17. h3 Nf6 18. Qb2 Ne4 19. Rfd1 Rac8 20. Ba6 Ra8 21. Bd3 Nd6 22. Ne5 Rac8 23. Ba6 Ra8 24. Bd3 Rac8 25. Ba6 Ra8 26. Be2 Ne4 27. dxc5 bxc5 28. Nd3 a4 29. Nf4 axb3 30. axb3 Nf6 31. Bf3 Rd8 32. Qe5 Rb7 33. e4 dxe4 34. Rxd8+ Qxd8 35. Nxe6 fxe6 36. Qxe6+ Kh8 37. Be2 Rb6 38. Qc4 Rb4 39. Qc3 Qd4 40. Bc4 Rb8 41. Bf7 Qd7 42. Bg6 Qe6 43. Qc4 Qxc4 44. bxc4 e3 45. fxe3 Nd7 46. Rc3 Ne5 47. Be4 g5 48. Bd5 Kg7 49. Kf2 Rb4 50. Kg3 Kf6 51. h4 Kf5 52. h5 Ra4 53. Rc1 Kf6 54. Rf1+ Ke7 55. Rf5 Nxc4 56. Rf7+ Kd6 57. Bxc4 Rxc4 58. Rf6+ Ke5 59. Rxh6 Rh4 60. Kf3 c4 61. Rh8 c3 62. Rc8 Rxh5 63. g3 Rh1 64. Rxc3 Re1 65. Rc6 g4+ 66. Kxg4 Rxe3 67. Kh4 Re1 68. g4 Rh1+ 69. Kg5 Rh8 70. Rh6 Rg8+ 71. Kh5 Rf8 72. g5 Rf1 73. Rh7 Ke6 74. g6 Rh1+ 75. Kg5 Rg1+ 76. Kh6 Rh1+ 77. Kg7 Rg1 78. Rh2 Ke7 79. Re2+ Kd7 80. Kf7 Rf1+ 81. Kg8 1-0

[Event "NRW-Cup Masters op"]
[Site "Muenster"]
[Date "1997.??.??"]
[Round "8"]
[White "Kalinitschew, Sergey"]
[Black "Dautov, Rustem"]
[Result "1/2-1/2"]
[WhiteElo "2525"]
[BlackElo "2595"]
[PlyCount "21"]
[EventDate "1997.10.??"]
[Source "ChessBase"]
[SourceDate "1997.11.24"]

1. c4 e6 2. Nf3 Nf6 3. Nc3 d5 4. d4 Be7 5. Bg5 O-O 6. e3 h6 7. Bh4 b6 8. Rc1 Bb7 9. cxd5 Nxd5 10. Bxe7 Qxe7 11. Nxd5 1/2-1/2

[Event "chT1"]
[Site "chT1"]
[Date "1995.??.??"]
[Round "?"]
[White "Adorjan, Andras"]
[Black "Portisch, Lajos"]
[Result "1/2-1/2"]
[WhiteElo "2530"]
[BlackElo "2585"]
[PlyCount "29"]
[EventDate "1995.??.??"]
[Source "www.chesslib.no"]
[SourceDate "2004.05.04"]

1. d4 Nf6 2. c4 e6 3. Nf3 d5 4. Nc3 Be7 5. Bg5 O-O 6. e3 h6 7. Bh4 b6 8. Rc1 Bb7 9. cxd5 Nxd5 10. Bxe7 Qxe7 11. Be2 Nf6 12. Bb5 Na6 13. Qd3 c6 14. Bxa6 g6 15. d5 1/2-1/2

[Event "Venice"]
[Site "Venice ITA"]
[Date "1974.??.??"]
[Round "8"]
[White "Savon, Vladimir A"]
[Black "Benko, Pal C"]
[Result "1/2-1/2"]
[WhiteElo "2575"]
[BlackElo "2510"]
[PlyCount "34"]
[EventDate "1974.??.??"]
[Source "www.chesslib.no"]
[SourceDate "2004.05.04"]

1. c4 e6 2. Nf3 Nf6 3. Nc3 d5 4. d4 Be7 5. Bg5 h6 6. Bh4 O-O 7. e3 b6 8. cxd5 Nxd5 9. Bxe7 Qxe7 10. Nxd5 exd5 11. Be2 Be6 12. O-O c5 13. dxc5 bxc5 14. Rc1 Nd7 15. Ne1 Rab8 16. b3 Rfd8 17. Nd3 a5 1/2-1/2

[Event "St Petersburg zt"]
[Site "St Petersburg"]
[Date "1993.??.??"]
[Round "4"]
[White "Gleizerov, Evgeny"]
[Black "Rublevsky, Sergei"]
[Result "1/2-1/2"]
[WhiteElo "2555"]
[BlackElo "2515"]
[PlyCount "27"]
[EventDate "1993.01.??"]
[Source "ChessBase"]

1. d4 d5 2. c4 e6 3. Nc3 Be7 4. Nf3 Nf6 5. Bg5 h6 6. Bh4 O-O 7. e3 b6 8. Rc1 Bb7 9. cxd5 Nxd5 10. Bxe7 Qxe7 11. Nxd5 Bxd5 12. a3 Rc8 13. Be2 c5 14. O-O 1/2-1/2

[Event "Corr"]
[Site "?"]
[Date "1996.11.01"]
[Round "?"]
[White "Reynolds Prof.Robert I.(USA)"]
[Black "Barlow John A.(RSA)"]
[Result "0-1"]
[WhiteElo "2565"]
[BlackElo "2505"]
[PlyCount "66"]
[EventDate "1996.??.??"]
[Source "www.chesslib.no"]
[SourceDate "2004.05.04"]

1. d4 d5 2. c4 e6 3. Nc3 Be7 4. Nf3 Nf6 5. Bg5 O-O 6. e3 h6 7. Bh4 b6 8. Rc1 Bb7 9. cxd5 Nxd5 10. Bxe7 Qxe7 11. Nxd5 Bxd5 12. Bd3 Rd8 13. O-O Nd7 14. Re1 c5 15. Ba6 Rab8 16. e4 Ba8 17. Qc2 cxd4 18. Qc7 Qf8 19. Qxa7 Nc5 20. Bb5 Bxe4 21. b4 Bxf3 22. gxf3 Rb7 23. Qa3 Nd7 24. Rc4 Qd6 25. Re4 Qd5 26. Ba6 e5 27. Qc1 Ra7 28. Rc8 Rxc8 29. Qxc8+ Nf8 30. Bd3 Qd6 31. Re2 Rc7 32. Qa8 Rc1+ 33. Kg2 Qf6 0-1

[Event "URS Army Team Ch"]
[Site "Leningrad RUS"]
[Date "1989.??.??"]
[Round "?"]
[White "Vladimirov, Evgeny Y"]
[Black "Kharitonov, Andrei Y"]
[Result "1/2-1/2"]
[WhiteElo "2550"]
[BlackElo "2505"]
[PlyCount "29"]
[EventDate "1989.??.??"]
[Source "www.chesslib.no"]
[SourceDate "2004.05.04"]

1. d4 d5 2. c4 e6 3. Nc3 Nf6 4. Bg5 Be7 5. e3 O-O 6. Nf3 h6 7. Bh4 b6 8. Rc1 Bb7 9. cxd5 Nxd5 10. Bxe7 Qxe7 11. Nxd5 Bxd5 12. Be2 Rc8 13. O-O c5 14. dxc5 Rxc5 15. a3 1/2-1/2

[Event "EU-chT (Men)"]
[Site "Debrecen"]
[Date "1992.??.??"]
[Round "1"]
[White "Gausel, Einar"]
[Black "Georgiev, Kiril"]
[Result "0-1"]
[WhiteElo "2445"]
[BlackElo "2605"]
[PlyCount "94"]
[EventDate "1992.11.??"]
[Source "ChessBase"]

1. Nf3 Nf6 2. c4 e6 3. Nc3 d5 4. d4 Be7 5. Bg5 h6 6. Bh4 O-O 7. e3 b6 8. Rc1 Bb7 9. cxd5 Nxd5 10. Bxe7 Qxe7 11. Be2 Rc8 12. O-O c5 13. Nxd5 Bxd5 14. dxc5 Rxc5 15. Rxc5 Qxc5 16. Qa4 Bc6 17. Qd4 Nd7 18. Qxc5 bxc5 19. Rc1 Rb8 20. b3 a5 21. Nd2 a4 22. h3 Kf8 23. Rc3 Ke7 24. h4 axb3 25. axb3 Ra8 26. Rc2 Ra1+ 27. Kh2 Re1 28. Nf3 Bxf3 29. Bxf3 Kd6 30. Ra2 Rb1 31. Ra6+ Ke7 32. Ra3 Rb2 33. Kg3 Ne5 34. Be4 f5 35. Bf3 Nd3 36. Ra7+ Kf6 37. Ra6 Ke5 38. Rc6 g5 39. hxg5 hxg5 40. Bh5 Nxf2 41. Rxc5+ Kd6 42. Rb5 Ne4+ 43. Kh2 g4 44. Rb4 Ke5 45. Rb5+ Kf6 46. Rb4 Nd2 47. Be8 Nf1+ 0-1

[Event "MK Cafe Cup Open B"]
[Site "Koszalin"]
[Date "1999.08.12"]
[Round "9"]
[White "Chekhov, V."]
[Black "Shneider, A."]
[Result "1/2-1/2"]
[WhiteElo "2499"]
[BlackElo "2551"]
[PlyCount "140"]
[EventDate "1999.08.??"]
[Source "www.chesslib.no"]
[SourceDate "2004.05.04"]

1. Nf3 Nf6 2. c4 e6 3. Nc3 d5 4. d4 Be7 5. Bg5 O-O 6. e3 h6 7. Bh4 b6 8. cxd5 Nxd5 9. Bxe7 Qxe7 10. Rc1 Bb7 11. Nxd5 Bxd5 12. Be2 c5 13. dxc5 bxc5 14. b3 Nc6 15. Bc4 Rfd8 16. Qe2 Bxf3 17. Qxf3 Ne5 18. Qe4 Nxc4 19. Qxc4 Rd5 20. O-O Rad8 21. h3 a5 22. e4 Rd2 23. a4 R8d4 24. Qb5 Rxe4 25. Qxa5 Rd5 26. Qa8+ Kh7 27. a5 Rb4 28. a6 Rd8 29. Qc6 Rxb3 30. Rxc5 Ra3 31. Rfc1 Qd6 32. Qb7 Rd7 33. Qb1+ Qd3 34. Qxd3+ Rdxd3 35. Rc7 Rxa6 36. Rxf7 e5 37. Rcc7 Rg6 38. Kh2 Rdd6 39. Rce7 Rdf6 40. Rxf6 Rxf6 41. Kg1 Rf5 42. g4 Rf3 43. Kg2 Rb3 44. Rxe5 g5 45. Re3 Rb2 46. Kg3 Kg6 47. Rc3 Rb1 48. Rd3 Ra1 49. Kf3 Ra2 50. Rd6+ Kg7 51. Re6 Ra3+ 52. Re3 Ra2 53. Kg3 Kg6 54. Re6+ Kg7 55. f3 Ra3 56. Kf2 Rb3 57. Re3 Rb1 58. Rc3 Ra1 59. Ke3 Re1+ 60. Kd4 Kf6 61. Rc6+ Kg7 62. h4 gxh4 63. Rc5 Kg6 64. Rh5 Rh1 65. Ke3 Rh2 66. Kf4 Rh1 67. Ke4 Rh2 68. f4 Rh1 69. Rb5 Re1+ 70. Kf3 Rf1+ 1/2-1/2

[Event "LADAC/CAPA"]
[Site "?"]
[Date "1998.10.04"]
[Round "?"]
[White "Rotariu Ing.Gheorghe S.(ROM"]
[Black "Morgado Juan Sebastian (ARG"]
[Result "1/2-1/2"]
[WhiteElo "2419"]
[BlackElo "2618"]
[PlyCount "119"]
[EventDate "1998.??.??"]
[Source "www.chesslib.no"]
[SourceDate "2004.05.04"]

1. d4 Nf6 2. c4 e6 3. Nc3 d5 4. Bg5 Be7 5. Nf3 O-O 6. e3 h6 7. Bh4 b6 8. Rc1 Bb7 9. cxd5 Nxd5 10. Bxe7 Qxe7 11. Nxd5 Bxd5 12. Bd3 Rc8 13. O-O c5 14. dxc5 Rxc5 15. Rxc5 Qxc5 16. Qa4 Bc6 17. Qf4 Nd7 18. Rd1 e5 19. Qh4 Nf6 20. Qc4 e4 21. Qxc5 bxc5 22. Ne5 Ba4 23. b3 Re8 24. bxa4 Rxe5 25. Bc4 Re7 26. Rb1 Rd7 27. Rb8+ Kh7 28. h3 Rc7 29. a5 Nd7 30. Re8 Nf6 31. Rf8 Kg6 32. a6 Re7 33. Rb8 Ne8 34. Rd8 Kf6 35. Kf1 Nc7 36. a4 Re8 37. Rd6+ Ke7 38. Rc6 Kd7 39. Rxc5 Kd6 40. Rf5 f6 41. Rf4 Re5 42. Ke2 Kc5 43. Bf7 Nxa6 44. Bg6 Kd5 45. f3 Nc5 46. Rg4 Kc4 47. Bxe4 Nxe4 48. fxe4 g5 49. Rg3 Kb4 50. Rf3 Re6 51. Rf1 a5 52. Rb1+ Kxa4 53. Kd3 Ka3 54. Ra1+ Kb4 55. Rb1+ Kc5 56. Rc1+ Kb6 57. Rb1+ Ka6 58. Ra1 h5 59. g4 hxg4 60. hxg4 1/2-1/2

[Event "ch-FRA"]
[Site "Aix-les-Bains FRA"]
[Date "2007.08.22"]
[Round "9"]
[White "Guidarelli, L."]
[Black "Dorfman, J."]
[Result "1/2-1/2"]
[WhiteElo "2450"]
[BlackElo "2584"]
[PlyCount "82"]
[EventDate "2007.08.13"]
[Source "www.chesslib.no"]
[SourceDate "2004.05.04"]

1. d4 Nf6 2. c4 e6 3. Nf3 d5 4. Nc3 Be7 5. Bg5 h6 6. Bh4 O-O 7. e3 b6 8. Rc1 Bb7 9. cxd5 Nxd5 10. Bxe7 Qxe7 11. Be2 Rc8 12. O-O Nxc3 13. Rxc3 Nd7 14. Qa4 c5 15. Rfc1 a6 16. dxc5 Nxc5 17. Qf4 a5 18. Ne5 f6 19. Nd3 e5 20. Qf5 Be4 21. Qg4 Bxd3 22. Rxd3 Rd8 23. Rxd8+ Rxd8 24. Bc4+ Kh7 25. Rd1 g6 26. g3 f5 27. Qe2 Ne4 28. Rd5 Rxd5 29. Bxd5 Nf6 30. Bb3 Qc7 31. h4 Kg7 32. Qd3 h5 33. Qd2 Kf8 34. Qd3 Ke7 35. Qa6 Kf8 36. Qd3 Kg7 37. Qd2 Kh7 38. Qd3 Kh6 39. Qd1 Ne4 40. Kg2 Nf6 41. Qd2 Kg7 1/2-1/2

[Event "Chigorin mem"]
[Site "St Petersburg"]
[Date "1998.11.07"]
[Round "7"]
[White "Polovodin, Igor A"]
[Black "Kharitonov, Andrei Y"]
[Result "1/2-1/2"]
[WhiteElo "2460"]
[BlackElo "2570"]
[PlyCount "24"]
[EventDate "1998.10.31"]
[Source "ChessBase"]
[SourceDate "1999.01.01"]

1. d4 d5 2. c4 e6 3. Nf3 Nf6 4. Nc3 Be7 5. Bg5 O-O 6. e3 h6 7. Bh4 b6 8. cxd5 Nxd5 9. Bxe7 Qxe7 10. Rc1 Bb7 11. Be2 Rc8 12. O-O c5 1/2-1/2

[Event "Banja Luka"]
[Site "Banja Luka"]
[Date "1976.??.??"]
[Round "8"]
[White "Bukic, Enver"]
[Black "Kurajica, Bojan"]
[Result "1/2-1/2"]
[WhiteElo "2500"]
[BlackElo "2525"]
[PlyCount "35"]
[EventDate "1976.12.??"]
[Source "ChessBase"]

1. d4 d5 2. c4 e6 3. Nc3 Nf6 4. Bg5 Be7 5. e3 O-O 6. Nf3 h6 7. Bh4 b6 8. Rc1 Bb7 9. cxd5 Nxd5 10. Nxd5 Bxd5 11. Bxe7 Qxe7 12. Bc4 Bb7 13. O-O Rc8 14. Qe2 c5 15. Rfd1 cxd4 16. Nxd4 Nc6 17. Nxc6 Rxc6 18. Ba6 1/2-1/2

[Event "CZE Team Ch 9596"]
[Site "Czech Republic"]
[Date "1996.??.??"]
[Round "6"]
[White "Babula, Vlastimil"]
[Black "Ioseliani, Nana M"]
[Result "1/2-1/2"]
[WhiteElo "2540"]
[BlackElo "2485"]
[PlyCount "57"]
[EventDate "1995.??.??"]
[Source "www.chesslib.no"]
[SourceDate "2004.05.04"]

1. d4 d5 2. c4 e6 3. Nc3 Be7 4. Nf3 Nf6 5. Bg5 h6 6. Bh4 O-O 7. e3 b6 8. Rc1 Bb7 9. cxd5 Nxd5 10. Nxd5 Bxd5 11. Bxe7 Qxe7 12. Qa4 c5 13. dxc5 bxc5 14. Be2 Nd7 15. O-O Rfb8 16. Rc2 a5 17. Rfc1 Rb4 18. Qa3 Qf6 19. Ne1 Bc6 20. b3 Rb6 21. Bf3 a4 22. Bxc6 Rxc6 23. Nd3 Rca6 24. Nxc5 axb3 25. Qxa6 Rxa6 26. Nxd7 Qd8 27. Rc8 Qxc8 28. Rxc8+ Kh7 29. Nf8+ 1/2-1/2